[Event "Collado Villalba Grupo Gallinero op 1st"]
[Site "Collado Villalba"]
[Date "2022.08.17"]
[Round "9"]
[White "Tarano Miranda, Ignacio Jose"]
[Black "Corbinos Cuartero, Manuel Alberto"]
[Result "0-1"]
[WhiteElo "1704"]
[BlackElo "1818"]
[PlyCount "122"]
[EventDate "2022.08.12"]
[EventType "swiss"]
[EventRounds "9"]
[EventCountry "ESP"]
[SourceTitle "CBM 210 Extra"]
[Source "ChessBase"]
[SourceDate "2022.11.30"]
[SourceVersion "1"]
[SourceVersionDate "2022.11.30"]
[SourceQuality "1"]

1. e4 c5 2. d4 cxd4 3. c3 Nf6 4. e5 Nd5 5. Nf3 e6 6. Bc4 d6 7. cxd4 Be7 8. 0-0 Nb6 9. Bb3 Nc6 10. Qe2 Bd7 11. Bf4 g5 12. exd6 gxf4 13. dxe7 Nxe7 14. Rd1 Bc6 15. Nc3 Nbd5 16. Ne5 Nxc3 17. bxc3 Nd5 18. Rac1 Qg5 19. Nxc6 bxc6 20. c4 Rg8 21. Qe4 Ne7 22. Rc2 Rc8 23. Rb2 Nf5 24. Rdd2 Nh4 25. f3 Rg6 26. Ba4 Ke7 27. Bxc6 f5 28. Qe2 Rxc6 29. Rb7+ Kd8 30. d5 Rd6 31. Qf2 Rd7 32. Rb8+ Ke7 33. Qc5+ Kf6 34. Qf8+ Rf7 35. Qd8+ Kg7 36. Qxg5 Rxg5 37. Kf1 exd5 38. cxd5 Rd7 39. Rb4 Rg6 40. Rxf4 Rh6 41. g3 Ng6 42. Rxf5 Ne7 43. Re5 Rhd6 44. Kf2 Kf6 45. Rh5 Nf5 46. g4 Ng7 47. Rxh7 Kg6 48. Rh8 Rxd5 49. Re2 Rd8 50. Rxd8 Rxd8 51. Kg3 Kf6 52. Rb2 Rd6 53. h4 Ne6 54. Rf2 Rd3 55. Rh2 Nd4 56. Rf2 Ne6 57. Rh2 Nc5 58. Re2 Ne6 59. Rh2 Ra3 60. Rd2 Ke5 61. h5 Ng5 0-1

[Event "Collado Villalba Grupo Gallinero op 1st"]
[Site "Collado Villalba"]
[Date "2022.08.13"]
[Round "3"]
[White "Rodriguez Melendez, Juan Humbert"]
[Black "Corbinos Cuartero, Manuel Alberto"]
[Result "1/2-1/2"]
[WhiteElo "2152"]
[BlackElo "1818"]
[PlyCount "62"]
[EventDate "2022.08.12"]
[EventType "swiss"]
[EventRounds "9"]
[EventCountry "ESP"]
[SourceTitle "CBM 210 Extra"]
[Source "ChessBase"]
[SourceDate "2022.11.30"]
[SourceVersion "1"]
[SourceVersionDate "2022.11.30"]
[SourceQuality "1"]

1. d4 Nf6 2. c4 g6 3. g3 Bg7 4. Bg2 c6 5. Nf3 0-0 6. 0-0 d5 7. Ne5 Be6 8. c5 Nbd7 9. Nf3 Bf5 10. Nc3 Ne4 11. Qb3 Qc8 12. Bf4 Re8 13. Rac1 e5 14. Nxe4 Bxe4 15. dxe5 Nxe5 16. Nxe5 Bxg2 17. Kxg2 Bxe5 18. Bxe5 Rxe5 19. e3 Qc7 20. Rfd1 Rae8 21. Rd4 Re4 22. Rcd1 R8e7 23. Qa4 a6 24. Rxe4 Rxe4 25. Rd4 Qe5 26. Qb4 Rxd4 27. exd4 Qe4+ 28. Kg1 Qb1+ 29. Kg2 Qe4+ 30. Kg1 Qb1+ 31. Kg2 Qe4+ 1/2-1/2

[Event "Collado Villalba op-B 26th"]
[Site "Collado Villalba"]
[Date "2009.08.24"]
[Round "4"]
[White "Garcia Burguillo, Javier"]
[Black "Corbinos Cuartero, Manuel Alberto"]
[Result "0-1"]
[WhiteElo "1702"]
[BlackElo "1864"]
[PlyCount "44"]
[EventDate "2009.08.21"]
[EventType "swiss"]
[EventRounds "9"]
[EventCountry "ESP"]
[SourceTitle "EXT 2011"]
[Source "ChessBase"]
[SourceDate "2010.11.26"]
[SourceVersion "1"]
[SourceVersionDate "2010.11.26"]
[SourceQuality "1"]

1. e4 c5 2. f4 d5 3. exd5 Nf6 4. Bb5+ Bd7 5. Bxd7+ Qxd7 6. c4 g6 7. Nc3 Bg7 8. Nf3 0-0 9. 0-0 a6 10. d4 Qc7 11. Qe2 Nbd7 12. Be3 Ng4 13. Ne4 Nxe3 14. Qxe3 cxd4 15. Qd3 Qxf4 16. Nfg5 Qe3+ 17. Qxe3 dxe3 18. Rfe1 Rac8 19. Rac1 Bxb2 20. Rb1 Bd4 21. Rxb7 Ne5 22. Rxe7 Nd3 0-1